Nommer les capitaines actuels (2025-2026) de ces clubs et sélections - Statistiques

Statistiques générales
  • Ce quiz a été pris 45 fois
  • Le résultat moyen est 8 sur 15
Statistiques - réponses
Hint Réponse % Correct
PSG Marquinhos
100%
Bayern Kimmich / neuer
88%
France Mbappe
86%
Argentine Messi
86%
Portugal Ronaldo
86%
Réal madrid Carvajal
83%
Olympique de marseille Balerdi
60%
Barcelone Ter stegen
55%
Espagne Morata
50%
Ac Milan Maignan
38%
Manchester united Bruno fernandes
29%
Manchester city Bernardo silva
14%
Chelsea Reece James
14%
Italie Donarumma
12%
Juventus Locatelli
7%
Aucun quiz correspondant
Distribution des résultats
% des personnes avec chaque résultat
Percentile par nombre de réponses
Votre historique - résultats
Vous n’avez pas pris ce quiz